Statistics for 15 Largest Cities in Indiana

Click here to take the quiz!

General Stats

  • This quiz has been taken 17 times
  • The average score is 9 of 15

Answer Stats

PopulationCity% Correct
889,634Indianapolis
100%
262,676Fort Wayne
88%
69,739Gary
88%
102,786South Bend
88%
117,184Evansville
82%
80,064Bloomington
59%
98,137Carmel
53%
58,450Terre Haute
53%
97,154Fishers
47%
59,263Kokomo
47%
70,928Lafayette
47%
77,491Hammond
41%
65,571Muncie
41%
68,885Noblesville
29%
62,914Greenwood
24%

Score Distribution

Percentile by Number Answered

Percent of People with Each Score

Your Score History

You have not taken this quiz